Statistics for AC Milan all time starting xi

Click here to take the quiz!

General Stats

  • This quiz has been taken 31 times
  • The average score is 7 of 11

Answer Stats

HintAnswer% Correct
DF(Italy)Paolo Maldini
100%
FW(Ukraine)Andriy Shevchenko
93%
GK(Brazil)Dida
93%
DF(Italy)Franco Baresi
81%
MF(Brazil)Kaká
78%
MF(Netherlands)Ruud Gullit
78%
MF(NetherlandsClarence Seedorf
74%
DF(Italy)Alessandro Costacurta
41%
FW(Sweden)Gunnar Nordahl
37%
MF(Italy)Gianni Rivera
33%
DF(Italy)Mauro Tassotti
22%

Score Distribution

Percentile by Number Answered

Percent of People with Each Score

Your Score History

You have not taken this quiz